Most expensive football transfers - Goalkeepers - 2012-2013 Season - Statistics

General Stats
  • This quiz has been taken 24 times
  • The average score is 4 of 10
Answer Stats
Fee (M €) Nationality Left Joined Player % Correct
12,60 France Olympique Lyon Tottenham Hugo Lloris
100%
15,00 Slovenia Udinese Calcio Inter Samir Handanovic
96%
3,50 Spain Villarreal Sevilla FC Diego López
52%
3,50 Spain Sevilla FC Real Madrid Diego López
52%
5,00 England Birmingham West Brom Ben Foster
43%
3,80 England Birmingham Stoke City Jack Butland
39%
3,15 Argentina Gillingham FC Southampton Paulo Gazzaniga
30%
3,80 Italy Brescia Juventus Nicola Leali
13%
3,00 Brazil Grêmio Atlético Mineiro Victor
9%
3,40 Italy AC Siena Parma Alessandro Iacobucci
4%
No matching quizzes found
Score Distribution
Percent of People with Each Score
Percentile by Number Answered
Your Score History
You have not taken this quiz